[Event "FIDE World Bl Team Pool C"]
[Site "London ENG"]
[Date "2025.06.14"]
[Round "10.2"]
[White "Sapenov, Daniyal"]
[Black "Derakhshani, Borna"]
[Result "1-0"]
[WhiteTitle "IM"]
[BlackTitle "FM"]
[WhiteElo "2405"]
[BlackElo "2348"]
[WhiteTeam "Rookies"]
[BlackTeam "Wood Green Youth"]
[WhiteFideId "13728911"]
[BlackFideId "12518450"]
[EventDate "2025.06.14"]
[EventType "team"]

1. d4 d5 2. c4 e6 3. Nf3 a6 4. Bg5 Be7 5. Bxe7 Nxe7 6. Nbd2 b5 7. cxd5 exd5 8.
e3 O-O 9. Bd3 Nd7 10. Rc1 Nb6 11. O-O c6 12. h3 h6 13. Nb3 Nc4 14. Qc2 Qd6 15.
Nc5 Qf6 16. b3 Nd6 17. Ne5 Ra7 18. f4 Rc7 19. g4 Qh4 20. Kg2 f5 21. g5 Ne4 22.
Rf3 hxg5 23. Rh1 g4 24. hxg4 Qf6 25. g5 Qd6 26. Rfh3 Ng6 27. Nxg6 Qxg6 28. Be2
Qd6 29. Nd3 Kf7 30. b4 Ke8 31. a3 Bd7 32. Ne5 Kd8 33. Rh8 Kc8 34. Bd3 Kb7 35.
Bxe4 fxe4 36. Qc5 Qxc5 37. dxc5 Rxh8 38. Rxh8 Bf5 39. Rf8 Be6 40. f5 Bc8 41. f6
gxf6 42. gxf6 Rh7 43. Rf7+ Rxf7 44. Nxf7 Kc7 45. Nd6 1-0

[Event "FIDE World Bl Team Pool C"]
[Site "London ENG"]
[Date "2025.06.14"]
[Round "10.3"]
[White "Haydon, David L"]
[Black "Shogdzhiev, Roman"]
[Result "1-0"]
[WhiteTitle "FM"]
[BlackTitle "FM"]
[WhiteElo "2284"]
[BlackElo "2402"]
[WhiteTeam "Wood Green Youth"]
[BlackTeam "Rookies"]
[WhiteFideId "415405"]
[BlackFideId "55653537"]
[EventDate "2025.06.14"]
[EventType "team"]

1. Nf3 d5 2. e3 Nf6 3. c4 c6 4. b3 Bf5 5. Bb2 e6 6. d4 Bxb1 7. Qxb1 Bb4+ 8. Kd1
O-O 9. Bd3 dxc4 10. bxc4 c5 11. dxc5 Nc6 12. Ke2 h6 13. Rd1 Qe7 14. a3 Bxc5 15.
Bxf6 gxf6 16. Qb2 Rfd8 17. Be4 Na5 18. Qb5 a6 19. Qxa5 Rdc8 20. Kf1 f5 21. Bd3
Qf6 22. Be2 b6 23. Qa4 Rd8 24. Rab1 Qc3 25. Qb3 Rxd1+ 26. Bxd1 Qf6 27. Be2 Qe7
28. a4 Rc8 29. g3 Kg7 30. Rd1 Qb7 31. Qc3+ Kg8 32. Qf6 Bf8 33. Rd8 Rxd8 34. Qxd8
Kg7 35. Kg2 Be7 36. Qd4+ Bf6 37. Qd3 Qc6 38. Qb3 Kg6 39. Kg1 Kg7 40. Nd4 Qc5 41.
Qd3 Qb4 42. Qc2 Qe1+ 43. Kg2 Qb4 44. Bf3 Qc5 45. Nb3 Qb4 46. c5 bxc5 47. Nxc5 a5
48. Nd3 Qd6 49. Nf4 Be5 50. Nh5+ Kg8 51. Qc8+ Kh7 52. Qe8 Qc7 53. g4 fxg4 54.
Bxg4 Bxh2 55. f4 Qc2+ 56. Kh3 Qg6 57. e4 f5 58. Qe7+ Kh8 59. Qf8+ Kh7 60. Nf6+ 1-0

[Event "FIDE World Bl Team Pool C"]
[Site "London ENG"]
[Date "2025.06.14"]
[Round "10.4"]
[White "Nurman, Alua"]
[Black "Balaji, Aaravamudhan"]
[Result "1-0"]
[WhiteTitle "WGM"]
[BlackTitle "IM"]
[WhiteElo "2339"]
[BlackElo "2346"]
[WhiteTeam "Rookies"]
[BlackTeam "Wood Green Youth"]
[WhiteFideId "13729390"]
[BlackFideId "436224"]
[EventDate "2025.06.14"]
[EventType "team"]

1. e4 e5 2. Nf3 Nc6 3. Bb5 a6 4. Ba4 Nf6 5. O-O Be7 6. Re1 b5 7. Bb3 d6 8. c3
O-O 9. h3 Nb8 10. d4 Nbd7 11. Nbd2 Bb7 12. Bc2 Re8 13. Nf1 Bf8 14. Ng3 g6 15. a4
c5 16. d5 c4 17. Bg5 h6 18. Be3 Bg7 19. Qd2 h5 20. Nh2 Nc5 21. f3 Nfd7 22. Rf1
Qe7 23. Bg5 Bf6 24. Bxf6 Qxf6 25. f4 exf4 26. Rxf4 Qg7 27. Raf1 Ne5 28. Nf3 Re7
29. Nxe5 Qxe5 30. a5 Rf8 31. Ne2 Bc8 32. Nd4 Bd7 33. Qf2 Be8 34. Rf6 Nd7 35. Nc6
Qxf6 36. Qxf6 Nxf6 37. Nxe7+ Kg7 38. Nc8 h4 39. Nxd6 Nh5 40. e5 Ng3 41. Re1 Bd7
42. Nb7 Bf5 43. Bxf5 Nxf5 44. d6 b4 45. d7 bxc3 46. bxc3 Ne7 47. d8=Q Rxd8 48.
Nxd8 Nd5 49. Re4 Nxc3 50. Rxc4 Nb5 51. Rxh4 Kf8 52. Rf4 1-0

[Event "FIDE World Bl Team Pool C"]
[Site "London ENG"]
[Date "2025.06.14"]
[Round "10.5"]
[White "Camp, Imogen A L"]
[Black "Suleimen, Ergali"]
[Result "0-1"]
[WhiteTitle "WCM"]
[BlackTitle "FM"]
[WhiteElo "1915"]
[BlackElo "2302"]
[WhiteTeam "Wood Green Youth"]
[BlackTeam "Rookies"]
[WhiteFideId "1802240"]
[BlackFideId "13724452"]
[EventDate "2025.06.14"]
[EventType "team"]

1. d4 Nf6 2. c4 g6 3. Nc3 Bg7 4. e4 d6 5. Nf3 O-O 6. Be2 e5 7. O-O Bg4 8. d5 a5
9. Be3 Na6 10. Nd2 Bd7 11. a3 Ne8 12. Rb1 f5 13. exf5 gxf5 14. f3 b6 15. b4 axb4
16. axb4 e4 17. Qc2 f4 18. Qxe4 Bf5 19. Qxf4 Bxb1 20. Qg3 Bg6 21. Nce4 Nxb4 22.
Ng5 Nc2 23. Ne6 Qe7 24. Bg5 Bf6 25. Nxf8 Qxf8 26. Be3 Nxe3 0-1

[Event "FIDE World Bl Team Pool C"]
[Site "London ENG"]
[Date "2025.06.14"]
[Round "10.6"]
[White "Dauren, Darmen"]
[Black "Ivanov, Elizabeth"]
[Result "1-0"]
[WhiteElo "2008"]
[BlackElo "1738"]
[WhiteTeam "Rookies"]
[BlackTeam "Wood Green Youth"]
[WhiteFideId "13755579"]
[BlackFideId "427284"]
[EventDate "2025.06.14"]
[EventType "team"]

1. c4 e5 2. Nc3 f5 3. e3 Nf6 4. d4 e4 5. Nge2 Bb4 6. a3 Bxc3+ 7. Nxc3 d6 8. Be2
Nc6 9. b4 O-O 10. Bb2 Ne7 11. c5 d5 12. a4 c6 13. b5 Qe8 14. Qd2 Qg6 15. g3 Bd7
16. h4 Ng4 17. Ba3 Be8 18. Rb1 Qe6 19. bxc6 bxc6 20. a5 Bh5 21. Rb7 Rfb8 22. a6
Nf6 23. Bxh5 Nxh5 24. Qb2 Re8 25. Bb4 Qg6 26. Ne2 Kf8 27. Ba5 Ng8 28. Bc7 Ngf6
29. Bd6+ Kg8 30. Kd2 Ng4 31. Ke1 Qe6 32. Qb4 Nhf6 33. Nf4 Qc8 34. Ke2 Rd8 35.
Rc7 Qxa6+ 36. Kd2 Qa2+ 37. Kc3 Qxf2 38. Qb7 Qxe3+ 39. Kc2 Qf2+ 40. Kc3 Qxg3+ 41.
Kb4 Rab8 42. Rxg7+ Kh8 43. Bxb8 Rxb8 44. Qxb8+ Kxg7 45. Ne6+ Kf7 46. Qxg3 1-0

[Event "FIDE World Bl Team Pool C"]
[Site "London ENG"]
[Date "2025.06.14"]
[Round "11.1"]
[White "Kogan, Arthur"]
[Black "Abdusattorov, Nodirbek"]
[Result "0-1"]
[WhiteTitle "GM"]
[BlackTitle "GM"]
[WhiteElo "2475"]
[BlackElo "2767"]
[WhiteTeam "OlalaStars"]
[BlackTeam "Uzbekistan"]
[WhiteFideId "2800802"]
[BlackFideId "14204118"]
[EventDate "2025.06.14"]
[EventType "team"]

1. e4 c5 2. Nf3 Nc6 3. Bb5 g6 4. O-O Bg7 5. Re1 Nf6 6. d4 cxd4 7. e5 Nd5 8. Bxc6
dxc6 9. Qxd4 Bf5 10. Na3 h6 11. Bd2 O-O 12. c4 Nc7 13. Qh4 g5 14. Qg3 Ne6 15.
Rad1 Qb6 16. Bc3 Rad8 17. h4 g4 18. Nh2 h5 19. Nf1 Bh6 20. Bd2 Bxd2 21. Nxd2 Rd3
22. Nf3 Rfd8 23. c5 Qxc5 24. Rc1 Qd5 25. Nc4 Bg6 26. Ne3 Rxe3 27. fxe3 gxf3 28.
gxf3 Kh7 29. Kh1 Rg8 30. Rg1 Rg7 31. Rcd1 Qxa2 32. Qf2 Qa4 33. e4 Qb5 0-1

[Event "FIDE World Bl Team Pool C"]
[Site "London ENG"]
[Date "2025.06.14"]
[Round "11.3"]
[White "Sason, Noam"]
[Black "Kasimdzhanov, Rustam"]
[Result "1-0"]
[BlackTitle "GM"]
[WhiteElo "2153"]
[BlackElo "2675"]
[WhiteTeam "OlalaStars"]
[BlackTeam "Uzbekistan"]
[WhiteFideId "371282346"]
[BlackFideId "14200244"]
[EventDate "2025.06.14"]
[EventType "team"]

1. Nf3 d5 2. g3 c6 3. Bg2 Nf6 4. O-O Bf5 5. d3 h6 6. Nc3 e6 7. Nd2 Bh7 8. e4
Nbd7 9. Qe2 Be7 10. f4 O-O 11. g4 b5 12. e5 Ne8 13. f5 Nc7 14. f6 gxf6 15. Nf3
Kh8 16. Bxh6 Rg8 17. exf6 Bxf6 18. h3 Qe7 19. Kh1 e5 20. Rae1 Ne6 21. Qd2 Rae8
22. Ne2 Ndc5 23. Ng3 e4 24. dxe4 dxe4 25. Nh2 Rd8 26. Qb4 Rd4 27. Qa3 Ra4 28.
Qe3 Bxb2 29. Nf5 Bxf5 30. gxf5 Ra3 31. Qe2 Qh4 32. fxe6 Qxh6 33. exf7 Rf8 34.
Rf5 Qg6 35. Qh5+ Qxh5 36. Rxh5+ Kg7 37. Rg5+ Kf6 38. Rxc5 e3 39. Ng4+ Kg7 40.
Rg5+ Kh8 41. Nh6 Kh7 42. Rg8 Rxf7 43. Nxf7 Kxg8 44. Nd6 Bd4 45. Bxc6 Rxa2 46.
Bd5+ 1-0

[Event "FIDE World Bl Team Pool C"]
[Site "London ENG"]
[Date "2025.06.14"]
[Round "11.4"]
[White "Vokhidov, Shamsiddin"]
[Black "Blokhin, Sofia"]
[Result "1-0"]
[WhiteTitle "GM"]
[BlackTitle "WFM"]
[WhiteElo "2644"]
[BlackElo "2057"]
[WhiteTeam "Uzbekistan"]
[BlackTeam "OlalaStars"]
[WhiteFideId "14204223"]
[BlackFideId "4508190"]
[EventDate "2025.06.14"]
[EventType "team"]

1. e4 c5 2. Nf3 d6 3. d4 cxd4 4. Nxd4 Nf6 5. Nc3 g6 6. Be3 Bg7 7. f3 O-O 8. Qd2
Nc6 9. O-O-O d5 10. exd5 Nxd5 11. Nxc6 bxc6 12. Bd4 e5 13. Bc5 Be6 14. Ne4 Re8
15. Bc4 Qc7 16. g4 Nf4 17. Bxe6 Nxe6 18. Bd6 Qb6 19. h4 Nd4 20. Bc5 Qa6 21. Kb1
Rab8 22. c3 Ne6 23. Bd6 Rb5 24. h5 Rd5 25. Qc2 Nf4 26. c4 Rxd1+ 27. Rxd1 Rd8 28.
hxg6 hxg6 29. Rh1 f6 30. Be7 Rd4 31. b3 f5 32. gxf5 gxf5 33. Ng3 c5 34. Nxf5 Qg6
35. Bxc5 Rd8 36. Ne7+ 1-0

[Event "FIDE World Bl Team Pool C"]
[Site "London ENG"]
[Date "2025.06.14"]
[Round "11.5"]
[White "Agafonov, Yuri Dr"]
[Black "Khamdamova, Afruza"]
[Result "0-1"]
[BlackTitle "WIM"]
[WhiteElo "2096"]
[BlackElo "2326"]
[WhiteTeam "OlalaStars"]
[BlackTeam "Uzbekistan"]
[WhiteFideId "11602104"]
[BlackFideId "14210444"]
[EventDate "2025.06.14"]
[EventType "team"]

1. b4 e5 2. Bb2 d6 3. e3 Nf6 4. Nf3 Be7 5. c4 O-O 6. Be2 e4 7. Nd4 c5 8. Nc2 Nc6
9. a3 Be6 10. d4 exd3 11. Bxd3 Ne5 12. Qe2 Rc8 13. Nd2 Nxd3+ 14. Qxd3 d5 15.
cxd5 Bxd5 16. bxc5 Rxc5 17. Nd4 Qb6 18. Bc3 Rfc8 19. Rc1 Be6 20. O-O Nd5 21.
Nxe6 Qxe6 22. Ne4 Rc4 23. Bb2 0-1

[Event "FIDE World Bl Team Pool C"]
[Site "London ENG"]
[Date "2025.06.14"]
[Round "11.6"]
[White "Imomkuzieva, Nilufarkhon"]
[Black "Kiritshenko, Platon"]
[Result "1-0"]
[WhiteTitle "WFM"]
[WhiteElo "2066"]
[BlackElo "1587"]
[WhiteTeam "Uzbekistan"]
[BlackTeam "OlalaStars"]
[WhiteFideId "14216736"]
[BlackFideId "4522010"]
[EventDate "2025.06.14"]
[EventType "team"]

1. e4 c5 2. Nf3 g6 3. d4 cxd4 4. Nxd4 Nc6 5. c4 Bg7 6. Be3 Qb6 7. Nb3 Qd8 8. Nc3
Nf6 9. Be2 O-O 10. O-O a5 11. Nd4 Qb6 12. Ndb5 Qd8 13. Rc1 d6 14. b3 Bd7 15. h3
Re8 16. Qd2 Be6 17. f4 Nb4 18. f5 Bd7 19. a3 Na6 20. Bh6 Bh8 21. fxg6 hxg6 22.
Nd5 Nxe4 23. Qf4 Nf6 24. Bg5 Rf8 25. Bxf6 exf6 26. Nxd6 Be6 27. Ne4 f5 28. Ng5
Bf6 29. Nxf6+ Qxf6 30. Qh4 Qg7 31. Bf3 Rab8 32. Rfe1 Rfe8 33. Nxe6 Rxe6 34. Qf4
Rbe8 35. Rxe6 Rxe6 36. Bxb7 Nc5 37. Bd5 Nd3 38. Qb8+ Kh7 39. Rf1 Qd4+ 40. Kh2
Re1 41. Rxe1 Nxe1 42. Qg3 Nd3 43. Qf3 Qe5+ 44. Qg3 Qd4 45. Bxf7 Ne5 46. Bd5 f4
47. Qh4+ Kg7 48. Qe7+ Kh6 49. Qf8+ Kg5 50. Qd8+ Kh6 51. Qh8+ Kg5 52. h4+ Kf5 53.
Qc8+ Kf6 54. Qd8+ Kg7 55. Qe7+ Kh8 56. Qf8+ Kh7 57. Qg8+ Kh6 58. Qh8# 1-0

[Event "FIDE World Bl Team Pool C"]
[Site "London ENG"]
[Date "2025.06.14"]
[Round "11.1"]
[White "D'Costa, Lorin"]
[Black "Tan, Justin2"]
[Result "0-1"]
[WhiteTitle "IM"]
[BlackTitle "GM"]
[WhiteElo "2370"]
[BlackElo "2512"]
[WhiteTeam "Chess Rising Stars"]
[BlackTeam "Wood Green Youth"]
[WhiteFideId "409219"]
[BlackFideId "3206882"]
[EventDate "2025.06.14"]
[EventType "team"]

1. d4 d5 2. Nf3 Nf6 3. c4 e6 4. Nc3 c6 5. e3 Nbd7 6. Bd3 dxc4 7. Bxc4 b5 8. Bd3
Bb7 9. e4 b4 10. Na4 c5 11. e5 Nd5 12. O-O h6 13. Re1 Rc8 14. dxc5 Nxc5 15. Nxc5
Bxc5 16. Qe2 Qb6 17. Bd2 a5 18. Rac1 O-O 19. Rf1 Rfd8 20. Bb1 Ne7 21. Rfd1 Ba6
22. Qe1 Nf5 23. h3 Bb7 24. Qe2 Ng3 25. Qe1 Bxf3 26. gxf3 Nf5 27. Kg2 Bd4 28.
Rxc8 Rxc8 29. Bxf5 exf5 30. Be3 Qg6+ 31. Kf1 Bxe5 32. Rd5 Bxb2 33. Rxa5 Bc3 34.
Qe2 b3 35. Ra6 b2 36. Qd1 Qxa6+ 0-1

[Event "FIDE World Bl Team Pool C"]
[Site "London ENG"]
[Date "2025.06.14"]
[Round "11.2"]
[White "Derakhshani, Borna"]
[Black "Wu, Li"]
[Result "1-0"]
[WhiteTitle "FM"]
[BlackTitle "FM"]
[WhiteElo "2348"]
[BlackElo "2278"]
[WhiteTeam "Wood Green Youth"]
[BlackTeam "Chess Rising Stars"]
[WhiteFideId "12518450"]
[BlackFideId "411086"]
[EventDate "2025.06.14"]
[EventType "team"]

1. e4 c5 2. Nf3 g6 3. c3 d5 4. e5 Bg4 5. d4 Nc6 6. Bb5 Qb6 7. Bxc6+ bxc6 8. dxc5
Qxc5 9. O-O Nh6 10. h3 Bxf3 11. Qxf3 Nf5 12. g4 Ng7 13. b4 Qb6 14. Be3 Qc7 15.
Qg3 h5 16. Nd2 Ne6 17. f4 hxg4 18. hxg4 f5 19. gxf5 gxf5 20. Qg6+ Kd7 21. Qxf5
Bh6 22. Nb3 Rag8+ 23. Kf2 Bxf4 24. Nc5+ Ke8 25. Nxe6 Bxe3+ 26. Kxe3 d4+ 27. cxd4
Qd7 28. Qf7# 1-0

[Event "FIDE World Bl Team Pool C"]
[Site "London ENG"]
[Date "2025.06.14"]
[Round "11.3"]
[White "Navrotescu, Andreea"]
[Black "Haydon, David L"]
[Result "0-1"]
[WhiteTitle "WGM"]
[BlackTitle "FM"]
[WhiteElo "2333"]
[BlackElo "2284"]
[WhiteTeam "Chess Rising Stars"]
[BlackTeam "Wood Green Youth"]
[WhiteFideId "675946"]
[BlackFideId "415405"]
[EventDate "2025.06.14"]
[EventType "team"]

1. d4 Nf6 2. c4 e6 3. Nc3 d5 4. cxd5 exd5 5. Bg5 Be7 6. e3 c6 7. Bd3 Be6 8. f4
Ng4 9. Bxe7 Qxe7 10. Qe2 Bc8 11. Nd1 O-O 12. h3 Qh4+ 13. Kd2 Re8 14. Nf3 Qh6 15.
Re1 Nf6 16. Nc3 Nbd7 17. Ng5 c5 18. Qf2 b6 19. g4 Bb7 20. Qf3 a6 21. Rad1 Re7
22. Kc1 Rae8 23. Re2 Ne4 24. Bxe4 dxe4 25. Qg3 f6 26. h4 cxd4 27. Rxd4 fxg5 28.
hxg5 Qg6 29. Red2 Nc5 30. Rd6 Nd3+ 31. R2xd3 exd3 32. Rxg6 hxg6 33. e4 Bxe4 34.
Nxe4 Rxe4 35. Qxd3 Rxf4 36. Qd5+ Rf7 37. a4 Rc8+ 38. Kb1 Re8 39. Ka2 Re7 40.
Qd8+ Kh7 41. Qxb6 Ra7 42. Qe3 Rfe7 43. Qh3+ Kg8 44. Qb3+ Kh7 45. Qd5 Rad7 46.
Qc4 Ra7 47. a5 Reb7 48. Ka3 Rb5 49. b4 Rab7 50. Qe4 Rb8 51. Qh1+ Kg8 52. Qe4 Kh7
53. Qh1+ Kg8 54. Qe4 Rxg5 55. Qe6+ Kh7 56. Qxa6 Rxg4 57. b5 Rf8 58. Qc6 Rg3+ 59.
Kb4 Rf4+ 60. Kc5 Rc3+ 61. Kb6 Rf6 62. Qxf6 gxf6 63. a6 Ra3 64. a7 f5 65. Kb7 f4
66. b6 f3 67. a8=Q Rxa8 68. Kxa8 f2 69. b7 f1=Q 0-1

[Event "FIDE World Bl Team Pool C"]
[Site "London ENG"]
[Date "2025.06.14"]
[Round "11.4"]
[White "Balaji, Aaravamudhan"]
[Black "Tsaknakis, Zisis"]
[Result "0-1"]
[WhiteTitle "IM"]
[BlackTitle "FM"]
[WhiteElo "2346"]
[BlackElo "2333"]
[WhiteTeam "Wood Green Youth"]
[BlackTeam "Chess Rising Stars"]
[WhiteFideId "436224"]
[BlackFideId "4259963"]
[EventDate "2025.06.14"]
[EventType "team"]

1. d4 Nf6 2. c4 g6 3. Nc3 Bg7 4. e4 d6 5. Be2 O-O 6. Be3 e5 7. d5 Na6 8. h4 Nc5
9. Qc2 a5 10. h5 c6 11. h6 Bh8 12. f3 cxd5 13. cxd5 Bd7 14. Bb5 a4 15. Bxc5 dxc5
16. a3 Bxb5 17. Nxb5 Qa5+ 18. Nc3 b5 19. Ne2 b4 20. axb4 cxb4 21. Nxa4 Nh5 22.
Qd2 Nf4 23. O-O b3 24. Qe3 Nxe2+ 25. Qxe2 Bf6 26. Qe3 Qb4 27. Nc3 Be7 28. Kh2
Bc5 29. Qg5 f6 30. Qd2 Bd4 31. Qd3 Rac8 32. Rfc1 f5 33. Qa6 Qe7 34. g3 Bxc3 35.
Rxc3 Rxc3 36. bxc3 fxe4 37. fxe4 b2 38. Rb1 Rf2+ 39. Kh3 Qd7+ 40. Qe6+ Qxe6+ 41.
dxe6 Kf8 42. g4 Ke7 43. Kg3 Rc2 44. c4 Kxe6 45. c5 Kd7 46. Kf3 Kc6 47. Ke3 Kxc5
48. Kd3 Rg2 49. Kc3 Rxg4 50. Rxb2 Rg3+ 0-1

[Event "FIDE World Bl Team Pool C"]
[Site "London ENG"]
[Date "2025.06.14"]
[Round "11.5"]
[White "Russell, Christopher"]
[Black "Camp, Imogen A L"]
[Result "1-0"]
[BlackTitle "WCM"]
[WhiteElo "2104"]
[BlackElo "1915"]
[WhiteTeam "Chess Rising Stars"]
[BlackTeam "Wood Green Youth"]
[WhiteFideId "413569"]
[BlackFideId "1802240"]
[EventDate "2025.06.14"]
[EventType "team"]

1. e4 e5 2. Nc3 Nf6 3. g3 Bc5 4. Bg2 d6 5. Nge2 Nc6 6. h3 Be6 7. O-O O-O 8. d3
d5 9. exd5 Nxd5 10. Kh2 Nd4 11. Ne4 Bb6 12. N2c3 Nxc3 13. Nxc3 c6 14. f4 exf4
15. Bxf4 Qd7 16. Ne4 f6 17. c3 Nf5 18. d4 Bc7 19. Nc5 Qf7 20. Nxe6 Bxf4 21. Nxf4
Ne3 22. Qb3 Nxf1+ 23. Rxf1 Rae8 24. d5 c5 25. Ne6 b6 26. Nxf8 Qxf8 27. Rf2 Qd6
28. c4 Re1 29. Qc3 Re5 30. Qf3 h6 31. b3 Rg5 32. Re2 h5 33. Qf4 Qd8 34. Re6 Kh7
35. Qe4+ Kh6 36. Re8 1-0

[Event "FIDE World Bl Team Pool C"]
[Site "London ENG"]
[Date "2025.06.14"]
[Round "11.6"]
[White "Ivanov, Elizabeth"]
[Black "Mihailidou, Magdalini"]
[Result "0-1"]
[WhiteElo "1738"]
[BlackElo "1922"]
[WhiteTeam "Wood Green Youth"]
[BlackTeam "Chess Rising Stars"]
[WhiteFideId "427284"]
[BlackFideId "25801236"]
[EventDate "2025.06.14"]
[EventType "team"]

1. e4 e5 2. Nf3 Nc6 3. Bb5 a6 4. Ba4 Nge7 5. O-O g6 6. c3 Bg7 7. d4 exd4 8. cxd4
b5 9. Bb3 O-O 10. Be3 d6 11. Nbd2 Bg4 12. Qc2 Na5 13. Bg5 h6 14. Bh4 g5 15. Bg3
Nxb3 16. Qxb3 c5 17. d5 Ng6 18. h3 Bc8 19. Qe3 Bxb2 20. Rab1 Bg7 21. Nb3 Re8 22.
Nfd2 f5 23. Qf3 f4 24. Bh2 c4 25. Nc1 Qf6 26. Ne2 Ra7 27. Qa3 c3 28. Nf3 Rxe4
29. Rfe1 Rae7 30. Ned4 0-1

[Event "FIDE World Bl Team Pool C"]
[Site "London ENG"]
[Date "2025.06.14"]
[Round "11.1"]
[White "Gurevich, Ilya"]
[Black "Fromm, Marius"]
[Result "1-0"]
[WhiteTitle "GM"]
[BlackTitle "IM"]
[WhiteElo "2586"]
[BlackElo "2444"]
[WhiteTeam "e-therapeutics"]
[BlackTeam "Berlin Chess Federation"]
[WhiteFideId "2000628"]
[BlackFideId "12993190"]
[EventDate "2025.06.14"]
[EventType "team"]

1. e4 e6 2. d4 d5 3. Nd2 c5 4. exd5 Qxd5 5. Ngf3 cxd4 6. Bc4 Qd6 7. Qe2 Nf6 8.
Nb3 Nc6 9. Bg5 Qb4+ 10. Bd2 Qb6 11. O-O-O Be7 12. Bg5 O-O 13. Nbxd4 Nxd4 14.
Rxd4 Qc7 15. Rhd1 a6 16. Ne5 b5 17. Bd3 Bb7 18. Nd7 Rfd8 19. Bxh7+ Kxh7 20. Bxf6
Rxd7 21. Rxd7 Qf4+ 22. Kb1 Bxf6 23. Qh5+ Kg8 24. Qxf7+ Kh8 25. Qh5+ Kg8 26. Rxb7
Qb4 27. Qf7+ Kh8 28. c3 Bxc3 29. Qh5+ Kg8 30. Qe2 Bxb2 31. Qxe6+ Kh8 32. Qh3+
Kg8 33. Qb3+ Qxb3 34. axb3 Bf6 35. Rd6 a5 36. Rxb5 a4 37. b4 Re8 38. Rd2 Re1+
39. Kc2 Ra1 40. Ra5 a3 41. Kd3 Bb2 42. b5 Rc1 43. b6 1-0

[Event "FIDE World Bl Team Pool C"]
[Site "London ENG"]
[Date "2025.06.14"]
[Round "11.2"]
[White "Schneider, Ilja"]
[Black "Pert, Richard G"]
[Result "0-1"]
[WhiteTitle "IM"]
[BlackTitle "IM"]
[WhiteElo "2417"]
[BlackElo "2416"]
[WhiteTeam "Berlin Chess Federation"]
[BlackTeam "e-therapeutics"]
[WhiteFideId "4663306"]
[BlackFideId "404748"]
[EventDate "2025.06.14"]
[EventType "team"]

1. e4 d5 2. exd5 c6 3. d4 cxd5 4. c4 Nf6 5. Nc3 g6 6. Qb3 Bg7 7. cxd5 O-O 8. Be2
Na6 9. Bf3 b5 10. d6 Be6 11. Qxb5 Qxd6 12. Bxa8 Rxa8 13. Nf3 Rc8 14. O-O Bc4 15.
Qb7 Rb8 16. Qxa7 Bxf1 17. Kxf1 Nb4 18. Qc5 Qa6+ 19. Kg1 Nd3 20. Qxe7 Ng4 21. Be3
Bf8 22. Qe4 Nxe3 23. fxe3 Rxb2 24. Rf1 f6 25. Nd5 Kg7 26. Nc7 Qc4 27. Ne6+ Kg8
28. Nxf8 Kxf8 29. Ne5 Nxe5 30. Qa8+ Kg7 31. dxe5 Qc5 32. exf6+ Kh6 33. Qf3 Rb8
34. Qh3+ Kg5 35. Qg3+ Kh6 36. Qxb8 Qxe3+ 37. Kh1 Qd3 38. Qf4+ g5 39. Qf3 Qd8 40.
f7 Qf8 41. Qf6+ Kh5 42. g4+ Kh4 43. Qf2+ Kxg4 44. Qf3+ Kh4 45. Qg3+ Kh5 46. Qh3+
Kg6 47. Qf5+ Kh5 48. Rf3 0-1

[Event "FIDE World Bl Team Pool C"]
[Site "London ENG"]
[Date "2025.06.14"]
[Round "11.3"]
[White "Mortazavi, Ali"]
[Black "Florstedt, Johannes"]
[Result "1-0"]
[WhiteTitle "IM"]
[BlackTitle "FM"]
[WhiteElo "2333"]
[BlackElo "2391"]
[WhiteTeam "e-therapeutics"]
[BlackTeam "Berlin Chess Federation"]
[WhiteFideId "401323"]
[BlackFideId "12922293"]
[EventDate "2025.06.14"]
[EventType "team"]

1. e4 c5 2. Nc3 Nc6 3. g3 g6 4. Bg2 Bg7 5. d3 Rb8 6. Be3 b5 7. Qd2 b4 8. Nd1 d6
9. Ne2 h5 10. h3 h4 11. g4 e5 12. O-O Nge7 13. f4 exf4 14. Nxf4 Ne5 15. c3 bxc3
16. bxc3 Qa5 17. Kh1 Ba6 18. Nf2 Kf8 19. Rab1 1-0

[Event "FIDE World Bl Team Pool C"]
[Site "London ENG"]
[Date "2025.06.14"]
[Round "11.4"]
[White "Schulze, Lara"]
[Black "Sivanandan, Bodhana"]
[Result "0-1"]
[WhiteTitle "FM"]
[BlackTitle "WFM"]
[WhiteElo "2317"]
[BlackElo "2109"]
[WhiteTeam "Berlin Chess Federation"]
[BlackTeam "e-therapeutics"]
[WhiteFideId "12956830"]
[BlackFideId "497592"]
[EventDate "2025.06.14"]
[EventType "team"]

1. e4 e5 2. Nf3 Nf6 3. Nxe5 d6 4. Nf3 Nxe4 5. Nc3 Nxc3 6. dxc3 Be7 7. Bf4 O-O 8.
Qd2 Nd7 9. O-O-O Nf6 10. h4 Bg4 11. Re1 Re8 12. Nd4 Nd5 13. Bg3 Nb6 14. f3 Bd7
15. Bd3 Bf6 16. Rxe8+ Qxe8 17. Kb1 Qf8 18. h5 Re8 19. a3 a6 20. Nf5 Bb5 21. Bxb5
axb5 22. Nd4 Nc4 23. Qc1 c6 24. Nf5 Be5 25. Bxe5 Rxe5 26. g4 d5 27. Ka2 Qe8 28.
b3 Ne3 29. Nd4 c5 30. Ne2 Nxc2 31. Nf4 Ne3 32. h6 g6 33. Qd2 Qe7 34. Nd3 Re6 35.
Nf4 Rd6 36. Re1 d4 37. cxd4 cxd4 38. Qb4 Qc7 39. Kb2 Qc2+ 40. Ka1 Qc6 41. Nd3
Nc2+ 0-1

[Event "FIDE World Bl Team Pool C"]
[Site "London ENG"]
[Date "2025.06.14"]
[Round "11.5"]
[White "Pert, Max"]
[Black "Rath, Alina"]
[Result "1-0"]
[WhiteTitle "FM"]
[BlackTitle "CM"]
[WhiteElo "2277"]
[BlackElo "2019"]
[WhiteTeam "e-therapeutics"]
[BlackTeam "Berlin Chess Federation"]
[WhiteFideId "456845"]
[BlackFideId "24607886"]
[EventDate "2025.06.14"]
[EventType "team"]

1. e4 c5 2. Nf3 Nc6 3. d4 cxd4 4. Nxd4 Nf6 5. Nc3 d6 6. f3 e5 7. Ndb5 a6 8. Na3
Be6 9. Be3 d5 10. exd5 Nxd5 11. Nxd5 Qxd5 12. Nc4 Qxd1+ 13. Rxd1 Rc8 14. c3 Be7
15. b3 O-O 16. Be2 b5 17. Nd6 Rcd8 18. Ne4 Rxd1+ 19. Bxd1 f6 20. Nc5 Bxc5 21.
Bxc5 Rd8 22. Bc2 Rd5 23. Be3 g6 24. h4 Rd8 25. h5 g5 26. Ke2 b4 27. c4 Nd4+ 28.
Bxd4 Rxd4 29. g4 h6 30. a3 bxa3 31. Ra1 Rd6 32. Rxa3 Kf7 33. Bd3 Ke7 34. c5 Rc6
35. b4 Bc8 36. Be4 Rc7 37. Rc3 Bb7 38. Bd3 Kd7 39. Ra3 Rc6 40. Bc4 Kc7 41. Kd3
Kb8 42. Kc3 Rc7 43. Be2 Rc6 44. Bd3 Rc7 45. Be4 Bxe4 46. fxe4 Kb7 47. Kc4 Rc6
48. Rd3 Rc7 49. Rd6 Rf7 50. Kd5 Kc7 51. Rxa6 1-0